000 00604nam a22002297a 4500
003 UA-OsUOA
001 39288
007 ta
008 20060614b un ||||| |||| 00| 0 ukr d
100 _aПервенцев А.
090 _a821.161.1
_bП26
942 _cBK
040 _aUA-OsUOA
_brus
_cUA-OsUOA
_dUA-OsUOA
245 _aДиректор Томилин
_bРоман
300 _a448 с.
955 _a3
041 _arus
080 _a821.161.1
260 _aМ.
_bПрофиздат
_c1979
650 7 _a82 Література. Літературознавство
_2UDC
999 _c325433
_d325433